All Def Leppard Songs - Statistics

General Stats
  • This quiz has been taken 336 times
    205 since last reset
  • The average score is 43 of 186
Answer Stats
Album Year % Correct
Hysteria Pour Some Sugar on Me
92%
Hysteria Hysteria
90%
Pyromania Photograph
89%
Songs from the Sparkle Lounge Love
80%
Hysteria Love Bites
79%
Hysteria Animal
77%
Hysteria Rocket
73%
Pyromania Rock of Ages
73%
High 'n' Dry High 'n' Dry (Saturday Night)
67%
Adrenalize Let's Get Rocked
67%
Hysteria Armageddon It
66%
High 'n' Dry Bringin' On the Heartbreak
64%
Hysteria Women
64%
Pyromania Foolin'
61%
Pyromania Billy's Got a Gun
59%
Songs from the Sparkle Lounge Go
58%
High 'n' Dry On Through the Night
58%
Slang Slang
58%
Pyromania Rock! Rock! (Till You Drop)
57%
Hysteria Gods of War
55%
Pyromania Stagefright
52%
Adrenalize Make Love Like a Man
51%
Hysteria Don't Shoot Shotgun
49%
Pyromania Die Hard the Hunter
48%
High 'n' Dry Let It Go
48%
Hysteria Love and Affection
48%
Pyromania Too Late for Love
47%
On Through the Night Wasted
47%
Retro Active Action
46%
Adrenalize White Lightning
46%
Adrenalize Have You Ever Needed Someone So Bad
45%
Hysteria Excitable
42%
Adrenalize Heaven Is
42%
On Through the Night Hello America
42%
High 'n' Dry Mirror, Mirror (Look into My Eyes)
42%
Hysteria Run Riot
42%
Vault: Def Leppard Greatest Hits (1980-1995) When Love & Hate Collide
42%
Diamond Star Halos Kick
40%
Euphoria Promises
40%
High 'n' Dry Switch 625
40%
Adrenalize Two Steps Behind
39%
On Through the Night Rock Brigade
38%
Pyromania Comin' Under Fire
33%
Adrenalize Stand Up (Kick Love into Motion)
33%
Diamond Star Halos Take What You Want
33%
Adrenalize Tear It Down
33%
Adrenalize Tonight
33%
Pyromania Action! Not Words
30%
High 'n' Dry Lady Strange
30%
Def Leppard Let's Go
30%
High 'n' Dry No No No
30%
High 'n' Dry Another Hit and Run
29%
Euphoria Paper Sun
28%
Adrenalize I Wanna Touch U
27%
Adrenalize Miss You in a Heartbeat
27%
Adrenalize Personal Property
27%
On Through the Night Rocks Off
27%
Def Leppard Dangerous
26%
Retro Active Desert Song
26%
Songs from the Sparkle Lounge Nine Lives
26%
The Def Leppard E.P. The Overture
26%
Diamond Star Halos Fire It Up
23%
X Now
23%
Diamond Star Halos This Guitar
23%
Yeah! 20th Century Boy
22%
Euphoria Goodbye
21%
The Def Leppard E.P. Ride into the Sun
21%
Songs from the Sparkle Lounge C'mon C'mon
20%
Euphoria Demolition Man
20%
Yeah! Rock On
20%
High 'n' Dry You Got Me Runnin'
20%
Slang All I Want Is Everything
19%
The Def Leppard E.P. Getcha Rocks Off
19%
On Through the Night It Could Be You
19%
On Through the Night Satellite
19%
On Through the Night When the Walls Came Tumbling Down
19%
Euphoria 21st Century Sha La La La Girl
18%
On Through the Night Answer to the Master
18%
On Through the Night Sorrow Is a Woman
18%
Slang Work It Out
18%
Euphoria Back in Your Face
17%
Yeah! Hanging on the Telephone
17%
Diamond Star Halos U Rok Mi
17%
Def Leppard We Belong
17%
X Long, Long Way to Go
16%
Slang Truth?
16%
Songs from the Sparkle Lounge Bad Actress
15%
Slang Blood Runs Cold
15%
Euphoria Guilty
15%
Diamond Star Halos Liquid Dust
15%
Def Leppard Man Enough
15%
X Four Letter Word
14%
On Through the Night It Don't Matter
14%
Euphoria Kings of Oblivion
14%
Yeah! No Matter What
14%
Slang Pearl of Euphoria
14%
Retro Active Ring of Fire
14%
Diamond Star Halos SOS Emergency
14%
Euphoria To Be Alive
14%
Slang Turn to Dust
14%
Mirror Ball - Live & More Undefeated
14%
Yeah! Waterloo Sunset
14%
X You're So Beautiful
14%
Diamond Star Halos Angels (Can't Help You Now)
13%
Euphoria Disintegrate
13%
Diamond Star Halos Goodbye for Good This Time
13%
Retro Active I Wanna Be Your Hero
13%
Mirror Ball - Live & More Kings of the World
13%
Diamond Star Halos Unbreakable
13%
Euphoria Day After Day
12%
Retro Active Fractured Love
12%
Slang Gift of Flesh
12%
Def Leppard Invincible
12%
Diamond Star Halos Lifeless
12%
The Story So Far - The Best Of Personal Jesus
12%
X Scar
12%
Songs from the Sparkle Lounge Tomorrow
12%
X Torn to Shreds
12%
Euphoria All Night
11%
Def Leppard All Time High
11%
Diamond Star Halos All We Need
11%
Slang Breathe a Sigh
11%
Slang Deliver Me
11%
X Everyday
11%
Diamond Star Halos From Here to Eternity
11%
Diamond Star Halos Gimme a Kiss
11%
X Gravity
11%
Euphoria It's Only Love
11%
X Let Me Be the One
11%
Diamond Star Halos Open Your Eyes
11%
Adrenalize She's Too Tough
11%
Slang Where Does Love Go When It Dies
11%
Def Leppard Wings of an Angel
11%
Def Leppard Sea of Love
10%
Songs from the Sparkle Lounge Come Undone
9%
Yeah! Drive-In Saturday
9%
Songs from the Sparkle Lounge Hallucinate
9%
Yeah! Hell Raiser
9%
Hysteria Release Me
9%
Pyromania Travelin' Band
9%
Def Leppard Battle of My Own
8%
Def Leppard Broke 'N' Brokenhearted
8%
Songs from the Sparkle Lounge Cruise Control
8%
X Cry
8%
Yeah! Don't Believe a Word
8%
Def Leppard Energized
8%
Def Leppard Forever Young
8%
Retro Active From the Inside
8%
X Girl Like You
8%
Mirror Ball - Live & More It's All About Believin'
8%
Def Leppard Last Dance
8%
X Love Don't Lie
8%
Slang Move with Me Slowly
8%
Adrenalize Now I'm Here
8%
Songs from the Sparkle Lounge Only the Good Die Young
8%
Yeah! Stay with Me
8%
Yeah! The Golden Age of Rock 'n' Roll
8%
X Unbelievable
8%
Songs from the Sparkle Lounge Gotta Let It Go
7%
Yeah! He's Gonna Step on You Again
7%
X Kiss the Day
7%
Adrenalize Little Wing
7%
Retro Active Only After Dark
7%
The Story So Far - The Best Of We All Need Christmas
7%
Yeah! 10538 Overture
6%
Yeah! American Girl
6%
Def Leppard Blind Faith
6%
Hysteria Elected
6%
Yeah! Street Life
6%
Euphoria Burnout
5%
Vault: Def Leppard Greatest Hits (1980-1995) Can't Keep Away from the Flame
5%
Yeah! Dear Friends
5%
Euphoria I Am Your Child
5%
Yeah! Little Bit of Love
5%
Yeah! Space Oddity
5%
Yeah! Winter Song
5%
Euphoria Worlds Collide
5%
Adrenalize You Can't Always Get What You Want
5%
Yeah! How Does It Feel
4%
Yeah! Search and Destroy
4%
Euphoria Under My Wheels
4%
Yeah! When I'm Dead and Gone
4%
X 10 X Bigger Than Love
2%
X Gimme a Job
2%
Euphoria Immortal
1%
X Perfect Girl
1%
No matching quizzes found
Score Distribution
Percent of People with Each Score
Percentile by Number Answered
Your Score History
You have not taken this quiz since the last reset